Planets by Deaths (Star Wars) - Statistics

General Stats
  • This quiz has been taken 12 times
  • The average score is 12 of 20
Answer Stats
Hint Answer % Correct
Qui-Gon Jinn Naboo
100%
Yoda Dagobah
90%
Obi-Wan Kenobi Death Star
90%
Shmi Skywalker Tatooine
90%
Breha Organa Alderaan
80%
Zam Vesell Coruscant
80%
Jango Fett Geonosis
80%
Anakin Skywalker Death Star 2
70%
Aayla Secura Felucia
70%
Jyn Erso Scarif
70%
Han Solo Starkiller-base
70%
Sheev Palpatine (Clone) Exegol
60%
Ki-Adi-Mundi Mygeeto
50%
Commander Gree Kashyyyk
40%
Gial Ackbar D'Qar
30%
Colonel Starck Hoth
30%
Lor San Tekka Jakku
30%
Stass Allie Saleucami
30%
Plo Koon Cato Neimoidia
20%
Tobias Beckett Savareen
20%
No matching quizzes found
Score Distribution
Percent of People with Each Score
Percentile by Number Answered
Your Score History
You have not taken this quiz